| 000 | 00718nam a22002297a 4500 | ||
|---|---|---|---|
| 005 | 20100807141814.0 | ||
| 010 | _aENG-98901 | ||
| 020 |
_c90.00 _a9788190758932 |
||
| 035 | _aEN-82433 | ||
| 037 | _bDBAD/PUB | ||
| 082 | _a310 | ||
| 100 |
_aYugavathi, P. _99284 |
||
| 245 |
_aConcepts of statistics / _cby P.Yugavathi |
||
| 260 |
_aTamil nadu _bNalangilli Publishers _c2007 |
||
| 270 |
_a5/888, Keela Theru, Panaiyur _bThanjavur (Dt.) Tamilnadu _e613203 |
||
| 300 |
_a127p. _c21cm (pbk) |
||
| 650 |
_aStatistics _99285 |
||
| 700 | _98547 | ||
| 700 | _98574 | ||
| 942 |
_2ddc _cEN _h310 _mYUG |
||
| 999 |
_c40080 _d40080 |
||